|
|
|
|
| LEADER |
01851nam a2200409 a 4500 |
| 001 |
29695 |
| 003 |
BD-DhAAL |
| 005 |
20150816155743.0 |
| 008 |
150816r20152011paua b 001 0 eng |
| 010 |
|
|
|a 2009036522
|
| 020 |
|
|
|a 9780781779340 (alk. paper)
|
| 020 |
|
|
|a 9788184733914
|
| 035 |
|
|
|a (DNLM)101514404
|
| 040 |
|
|
|a DNLM/DLC
|c DLC
|d DLC
|d BD-DhAAL
|
| 042 |
|
|
|a pcc
|
| 050 |
0 |
0 |
|a RS200
|b .A57 2011
|
| 060 |
1 |
0 |
|a QV 785
|b A427a 2011
|
| 082 |
0 |
0 |
|a 615.1
|2 22
|
| 100 |
1 |
|
|a Allen, Loyd V.
|9 13834
|
| 245 |
1 |
0 |
|a Ansel's pharmaceutical dosage forms and drug delivery systems /
|c Loyd V. Allen Jr., Nicholas G. Popovich, Howard C. Ansel.
|
| 246 |
3 |
0 |
|a Pharmaceutical dosage forms and drug delivery systems
|
| 250 |
|
|
|a 9th ed.
|
| 260 |
|
|
|a Philadelphia :
|b Wolters Kluwer Health/Lippincott Williams & Wilkins,
|c c2011.
|
| 300 |
|
|
|a viii, 710 p. :
|b ill. (some col.) ;
|c 26 cm.
|
| 504 |
|
|
|a Includes bibliographical references and index.
|
| 541 |
|
|
|e 29695
|
| 650 |
|
0 |
|a Drugs
|x Dosage forms.
|9 13835
|
| 650 |
|
0 |
|a Drug delivery systems.
|9 13836
|
| 650 |
1 |
2 |
|a Dosage Forms.
|9 13319
|
| 650 |
2 |
2 |
|a Drug Delivery Systems.
|9 13837
|
| 700 |
1 |
|
|a Popovich, Nicholas G.
|9 13838
|
| 700 |
1 |
|
|a Ansel, Howard C.,
|d 1933-
|9 13839
|
| 942 |
|
|
|2 ddc
|c BK
|
| 999 |
|
|
|c 35248
|d 35248
|
| 952 |
|
|
|0 0
|1 0
|2 ddc
|4 0
|6 615_100000000000000_ALE
|7 0
|9 55270
|a BRACUL
|b BRACUL
|c GEN
|d 2015-08-16
|e Trim Education
|g 1780.00
|l 3
|m 26
|o 615.1 ALE
|p 3010029695
|r 2019-08-18
|s 2019-01-09
|t 1
|w 2015-08-16
|y BK
|
| 952 |
|
|
|0 0
|1 0
|2 ddc
|4 0
|6 615_100000000000000_ALE
|7 0
|9 55271
|a BRACUL
|b BRACUL
|c GEN
|d 2015-08-16
|e Trim Education
|g 1780.00
|l 3
|m 68
|o 615.1 ALE
|p 3010029696
|r 2018-12-09
|s 2018-07-24
|t 2
|w 2015-08-16
|y BK
|
| 952 |
|
|
|0 0
|1 0
|2 ddc
|4 0
|6 615_100000000000000_ALE
|7 0
|9 55272
|a BRACUL
|b BRACUL
|c GEN
|d 2015-08-16
|e Trim Education
|g 1780.00
|l 4
|m 5
|o 615.1 ALE
|p 3010029697
|r 2018-05-17
|s 2018-04-18
|t 3
|w 2015-08-16
|y BK
|